Listas Rio/ Sao Paulo interativas 99 [
| Format: | Book |
|---|---|
| Published: |
Curitiba:
[Midia Digital],
[1999].
|
| Subjects: |
| LEADER | 00461cam a2200133 7i4500 | ||
|---|---|---|---|
| 001 | 0000008049 | ||
| 005 | 20000817090000.0 | ||
| 090 | 0 | 0 | |a CD-ROM 152 |b LIS |
| 245 | 0 | 0 | |a Listas Rio/ Sao Paulo interativas 99 [ |m electronic resource]. |
| 260 | 0 | 0 | |a Curitiba: |b [Midia Digital], |c [1999]. |
| 300 | # | # | |a Electronic computer optical disc (CD-ROM). |
| 650 | 0 | 0 | |a Business -- |x Directories -- |z Brazil |
| 651 | 0 | 0 | |a Brazil |
| 999 | |a 0000011784 |b CD-ROM |c AV Collection |e Business Information Centre | ||